It looks like you're offline.
Open Library logo
additional options menu

MARC record from Internet Archive

LEADER: 02251cam 2200541Ia 4500
001 ocm10739293
003 OCoLC
005 20201221134932.0
008 840516s1984 nyu 000 1 eng d
040 $aCFL$beng$cCFL$dBGU$dBAKER$dBTCTA$dDAY$dCKL$dI@I$dYDXCP$dOCLCQ$dOCLCF$dOCLCQ$dOCLCO$dOCLCA$dOCL$dOCLCO$dOCLCA$dOCL$dNLC$dOCLCQ$dNJT$dOCLCO$dOCL
020 $a0671473883
020 $a9780671473884
035 $a(OCoLC)10739293
050 4 $aPS3556.O712$bF56 1984
082 04 $a813/.54$219
100 1 $aFord, John M.
245 14 $aThe final reflection /$cJohn M. Ford.
260 $aNew York :$bPocket Books,$c1984.
300 $a253 pages ;$c18 cm.
336 $atext$btxt$2rdacontent
337 $aunmediated$bn$2rdamedia
338 $avolume$bnc$2rdacarrier
490 1 $aStar Trek ;$v#16
500 $aA Star Trek novel.
520 $aKrenn, a Klingon captain, is changed by contact with human civilization, and faces a test of conscience, when he learns of a Klingon plan to destroy the Federation.
600 10 $aKirk, James T.$c(Fictitious character),$d2233-2371$vFiction.
600 10 $aSpock,$cMr. (Fictitious character)$vFiction.
600 17 $aKirk, James T.$c(Fictitious character),$d2233-2371$2fast$0(OCoLC)fst00987859
600 17 $aSpock,$cMr. (Fictitious character)$2fast$0(OCoLC)fst01130303
650 0 $aStar Trek fiction.
650 0 $aInterplanetary voyages$vFiction.
650 0 $aScience fiction, American.
650 7 $aInterplanetary voyages.$2fast$0(OCoLC)fst00977455
650 7 $aScience fiction, American.$2fast$0(OCoLC)fst01108635
650 7 $aStar Trek fiction.$2fast$0(OCoLC)fst01131555
655 7 $aScience fiction.$2fast$0(OCoLC)fst01726489
655 7 $aFiction.$2fast$0(OCoLC)fst01423787
655 7 $aScience fiction.$2gsafd
655 7 $aRadio and television novels.$2gsafd
655 7 $aScience fiction.$2lcgft
655 0 $aRadio and television novels.
830 0 $aStar trek ;$v#16.
938 $aBaker & Taylor$bBKTY$c2.95$d2.21$i0671473883$n0003614556$sactive
938 $aBaker and Taylor$bBTCP$nbl 99939074
938 $aYBP Library Services$bYANK$n8051941
029 1 $aNLC$b000005305147
994 $aZ0$bP4A
948 $hNO HOLDINGS IN P4A - 186 OTHER HOLDINGS